| 000 | 00667 a2200181 4500 | ||
|---|---|---|---|
| 003 | Nust | ||
| 005 | 20170207154430.0 | ||
| 040 | _cNust | ||
| 082 | _a050 | ||
| 100 | _aMaj Gen Athar Abbas, | ||
| 245 |
_aHilal June-2010 _cMaj Gen Athar Abbas, |
||
| 250 | _a12,Vol 46 | ||
| 260 |
_aRawalpindi _bISPR _c2010 |
||
| 300 | _aUrdu 55 English 43 p.; | ||
| 505 | _aFood for Thought (Page-5) Azm-e-Nau Special (Page-9) View Point (Page-17) Scourge of Terrorism (Page-20) Current Affairs (Page-22) Book Corner (Page-24) Valiant Heroes (Page-19) News and Updates (Page-37) Picture Gallery (Page-42) | ||
| 538 | _aAlmirah No.137 Shelf No.5 | ||
| 651 | _aPakistan Armed Forces, Magazine | ||
| 942 | _cMAGS | ||
| 999 |
_c197605 _d197605 |
||